| 000 | 00402nam a2200157Ia 4500 | ||
|---|---|---|---|
| 003 | IN-BaIIA | ||
| 008 | 211028s9999 xx 000 0 eng d | ||
| 040 | _cIIA Library | ||
| 080 |
_a550.38 _bBLE |
||
| 100 |
_aBlcil, D F _96588 |
||
| 245 | 0 |
_aNatural electrodynamics phenomena _cD. F. Blcil |
|
| 260 |
_aNew York _bPlenum Press _c1964 |
||
| 300 | _avii, 470p. | ||
| 650 |
_aPhenomena _91772 |
||
| 942 | _cBK | ||
| 999 |
_c3710 _d3710 |
||